Statistiques concernant Mon top 50 de mes films préféré

Cliquez ici pour prendre le quiz!

Statistiques générales

  • Ce quiz a été pris 121 fois
  • Le résultat moyen est 9 sur 50

Statistiques - réponses

topréalfilm% Correct
1Hitchcockpsychose
65%
9Kubrickorange mécanique
47%
28Spielbergjurassic park
45%
29Tarantinokill bill vol.1
42%
5Kubricksheng
42%
27Hitchcockfenêtre sur cour
32%
31Spielbergla liste de Schindler
32%
48Kubrickfull metal jacket
27%
3Zemeckisretour vers le futur 2
27%
10Cronenbergla mouche
24%
8Formanvol au dessus d'un nid de coucou
24%
26Cravenscream
22%
47Geronimo (Disney)Alice au pays des merveilles
20%
16BurtonBeetlejuice
20%
20Muschiettiça
20%
14Selickl'étrange noel de monsieur jack
20%
34Demmele silence des agneaux
19%
35Trousdale (Disney)la belle et la bete
18%
45Tatimon oncle
17%
44Lynchblue Velvet
16%
37Kubricklolita
16%
11Donen/ Kellychantons sous la pluie
15%
39CarpenterHalloween
15%
6Landisblues brothers
14%
42Raimievil dead 2
14%
50Dupieuxle daim
14%
21Barratierles choristes
14%
32Lassetertoy story 2
14%
33Spielbergready player one
13%
25Docterla haut
11%
13Sharpsteen (Disney)Pinocchio
11%
4Burtonbatman le défi
10%
30Giraultle gendarme de st tropez
10%
19Reitherman (Disney)robin des bois
10%
23Dantegremlins 2
9%
41Donnerles goonies
9%
15Hitchcockl'homme qui en savait trop
9%
22Wisela mélodie du bonheur
8%
46Veberles compères
8%
38Millermad max 2
8%
24Doctermonstre et cie
8%
43Eggersthe lighthouse
8%
2Stevenson (Disney)mary poppins
7%
49DevitoMatilda
7%
36Reinermisery
7%
7Sharmanthe rocky horror picture show
7%
17SpielbergHook
6%
12HustonAnnie
5%
18Hitchcockune femme disparait
5%
40Kleisergrease
3%

Distribution des résultats

Percentile par nombre de réponses

% des personnes avec chaque résultat

Votre développement - résultats

Vous n’avez pas pris ce quiz